Probabilistic safety assessment in the chemical and nuclear industries /
Guardado en:
| Autor principal: | |
|---|---|
| Formato: | Libro |
| Lenguaje: | inglés |
| Publicado: |
Boston
Butterworth-Heinemann
c2000.
|
| Materias: | |
| Acceso en línea: | Table of contents Publisher description Ver en el OPAC |
| Etiquetas: |
Sin Etiquetas, Sea el primero en etiquetar este registro!
|
MARC
| LEADER | 00000cam a22000004a 4500 | ||
|---|---|---|---|
| 005 | 20260127134301.0 | ||
| 008 | 050707s2000 mauab b 001 0 eng | ||
| 010 | |a 99-037453 | ||
| 020 | |a 0750672080 (alk. paper) | ||
| 035 | |a vtls008182920 | ||
| 035 | |a 4522859 | ||
| 039 | 9 | |y 200507071314 |z mschk03 | |
| 040 | |a STUSCHK1 |b slo |c STUSCHK1 | ||
| 042 | |a pcc | ||
| 082 | 0 | 0 | |a 363.17/992 |2 21 |
| 100 | 1 | |a Fullwood, R. R. | |
| 245 | 1 | 0 | |a Probabilistic safety assessment in the chemical and nuclear industries / |c Ralph R. Fullwood. |
| 260 | |a Boston |b Butterworth-Heinemann |c c2000. | ||
| 300 | |a xxix, 514 p. |b ill., maps |c 25 cm. | ||
| 500 | |a Rev. ed. of: Probabilistic risk assessment in the nuclear power industry. 1988. | ||
| 504 | |a Includes bibliographical references and index. | ||
| 650 | 0 | |a Nuclear power plants |x Risk assessment. | |
| 650 | 0 | |a Chemical plants |x Risk assessment. | |
| 700 | 1 | |a Fullwood, R. R. |t Probabilistic risk assessment in the nuclear power industry. | |
| 856 | 4 | 1 | |3 Table of contents |u http://www.loc.gov/catdir/toc/els033/99037453.html |
| 856 | 4 | 2 | |3 Publisher description |u http://www.loc.gov/catdir/description/els033/99037453.html |
| 906 | |a 7 |b cbc |c orignew |d 1 |e ocip |f 19 |g y-gencatlg | ||
| 910 | |a SCHK95 | ||
| 919 | |a 0-7506-7208-0 | ||
| 925 | 0 | |a acquire |b 2 shelf copies |x policy default | |
| 985 | |e GAP | ||
| 991 | |b r-SciRR |h TK9153 |i .F853 2000 |t Copy 1 |w GenBib | ||
| 999 | |c 8728 |d 8728 | ||